Biblioteki Polonii Amerykańskiej
Biblioteka Instytutu Józefa Piłsudskiego w Ameryce
Library of the Józef Piłsudski Institute of America
Biblioteka imienia Alfreda Jurzykowskiego Polskiego Instytutu Naukowego w Ameryce
The Alfred Jurzykowski Memorial Library of the Polish Institute of Arts & Sciences of America
Biblioteka Marjanczyków Polskiej Fundacji Kulturalnej
The Marjanczyk Library of the Polish Cultural Foundation

Biblioteka Fundacji Kościuszkowskiej
Library of the Kosciuszko Foundation

Bieta / (Record no. 91120)

MARC details
000 -LEADER
fixed length control field 01983nam a2200577 i 4500
001 - CONTROL NUMBER
control field 991053143425805066
003 - CONTROL NUMBER IDENTIFIER
control field NyNyJPI
005 - DATE AND TIME OF LATEST TRANSACTION
control field 20260414180807.0
008 - FIXED-LENGTH DATA ELEMENTS--GENERAL INFORMATION
fixed length control field 240301s2024 pl cho |000 fbpol c
009 - PHYSICAL DESCRIPTION FIXED-FIELD FOR ARCHIVAL COLLECTION (VM) [OBSOLETE]
fixed length control field b1000003129142
020 ## - INTERNATIONAL STANDARD BOOK NUMBER
International Standard Book Number 9788367915533
Qualifying information (oprawa miękka) :
Terms of availability zł 59,99
035 ## - SYSTEM CONTROL NUMBER
System control number (PL)b1000003129142
035 ## - SYSTEM CONTROL NUMBER
System control number (EXLNZ-48OMNIS_NETWORK)9913917132505606
040 ## - CATALOGING SOURCE
Original cataloging agency LUBL M
Transcribing agency LUBL M
Modifying agency LUBL M
-- MBPG
-- MBPWR
-- KIEL W
-- KOSZ W
-- WR M
-- WR O
-- ZDU_1
-- ELBLAG M
-- KR U
-- OP 002
-- Ł M
-- OLSZT 003
-- POZN M
-- MBPB
-- WA N
045 2# - TIME PERIOD OF CONTENT
Formatted 9999 B.C. through C.E. time period d1942
-- d2006
046 ## - SPECIAL CODED DATES
Beginning or single date created 2024
080 ## - UNIVERSAL DECIMAL CLASSIFICATION NUMBER
Universal Decimal Classification number 821.162.1-312.6
084 ## - OTHER CLASSIFICATION NUMBER
Classification number 04
100 1# - MAIN ENTRY--PERSONAL NAME
Personal name Harasimowicz, Cezary
Dates associated with a name (1955- )
Relator term Autor
245 10 - TITLE STATEMENT
Title Bieta /
Statement of responsibility, etc. Cezary Harasimowicz.
250 ## - EDITION STATEMENT
Edition statement Wydanie pierwsze.
260 ## - PUBLICATION, DISTRIBUTION, ETC.
Place of publication, distribution, etc. Warszawa :
Name of publisher, distributor, etc. Lira Wydawnictwo,
Date of publication, distribution, etc. 2024.
300 ## - PHYSICAL DESCRIPTION
Extent 351, [16] stron :
Other physical details faksymilia, fotografie, portrety ;
Dimensions 20 cm.
336 ## - CONTENT TYPE
Content type term Tekst
Content type code txt
Source rdacontent
337 ## - MEDIA TYPE
Media type term Bez urządzenia pośredniczącego
Media type code n
Source rdamedia
338 ## - CARRIER TYPE
Carrier type term Wolumin
Carrier type code nc
Source rdacarrier
380 ## - FORM OF WORK
Form of work Książki
380 ## - FORM OF WORK
Form of work Proza
386 ## - CREATOR/CONTRIBUTOR CHARACTERISTICS
Demographic group term Przynależność kulturowa
Creator/contributor term Literatura polska
388 1# - TIME PERIOD OF CREATION
Time period of creation term 2001-
500 ## - GENERAL NOTE
General note Na okładce: powieść o życiu Elżbiety Ficowskiej, cudownie ocalonej z getta.
600 17 - SUBJECT ADDED ENTRY--PERSONAL NAME
Personal name Ficowska, Elżbieta
Dates associated with a name (1942- )
Source of heading or term DBN
648 #7 - SUBJECT ADDED ENTRY--CHRONOLOGICAL TERM
Chronological term 1901-2000
Source of heading or term DBN
648 #7 - SUBJECT ADDED ENTRY--CHRONOLOGICAL TERM
Chronological term 1939-1945
Source of heading or term DBN
648 #7 - SUBJECT ADDED ENTRY--CHRONOLOGICAL TERM
Chronological term 1945-1989
Source of heading or term DBN
648 #7 - SUBJECT ADDED ENTRY--CHRONOLOGICAL TERM
Chronological term 1989-2000
Source of heading or term DBN
648 #7 - SUBJECT ADDED ENTRY--CHRONOLOGICAL TERM
Chronological term 2001-
Source of heading or term DBN
650 #7 - SUBJECT ADDED ENTRY--TOPICAL TERM
Topical term or geographic name entry element II wojna światowa (1939-1945)
Source of heading or term DBN
650 #7 - SUBJECT ADDED ENTRY--TOPICAL TERM
Topical term or geographic name entry element Dzieci
Source of heading or term DBN
650 #7 - SUBJECT ADDED ENTRY--TOPICAL TERM
Topical term or geographic name entry element Getto warszawskie
Source of heading or term DBN
650 #7 - SUBJECT ADDED ENTRY--TOPICAL TERM
Topical term or geographic name entry element Ocaleni z Holokaustu
Source of heading or term DBN
650 #7 - SUBJECT ADDED ENTRY--TOPICAL TERM
Topical term or geographic name entry element PRL
Source of heading or term DBN
650 #7 - SUBJECT ADDED ENTRY--TOPICAL TERM
Topical term or geographic name entry element Ratowanie Żydów i pomoc Żydom (1939-1945)
Source of heading or term DBN
650 #7 - SUBJECT ADDED ENTRY--TOPICAL TERM
Topical term or geographic name entry element Ukrywanie się Żydów (1939-1945)
Source of heading or term DBN
650 #7 - SUBJECT ADDED ENTRY--TOPICAL TERM
Topical term or geographic name entry element Żydzi
Source of heading or term DBN
651 #7 - SUBJECT ADDED ENTRY--GEOGRAPHIC NAME
Geographic name Polska
Source of heading or term DBN
651 #7 - SUBJECT ADDED ENTRY--GEOGRAPHIC NAME
Geographic name Warszawa (woj. mazowieckie)
Source of heading or term DBN
655 #7 - INDEX TERM--GENRE/FORM
Genre/form data or focus term Powieść biograficzna
Source of term DBN
710 2# - ADDED ENTRY--CORPORATE NAME
Corporate name or jurisdiction name as entry element Lira Wydawnictwo
Relator term Wydawca
Relationship pbl
942 ## - ADDED ENTRY ELEMENTS (KOHA)
Source of classification or shelving scheme Other/Generic Classification Scheme
Koha item type Books
Suppress in OPAC No
Holdings
Withdrawn status Lost status Source of classification or shelving scheme Damaged status Not for loan Home library Current library Date acquired Total checkouts Full call number Date last seen Price effective from Koha item type
    Other/Generic Classification Scheme   Not for loan Józef Piłsudski Institute Józef Piłsudski Institute 04/14/2026   K 1858 04/14/2026 04/14/2026 Books